000 00652nam a2200241Ia 4500
003 OSt
005 20220928124638.0
006 a|||||r|||| 00| 0
007 ta
008 220927b |||||||| |||| 00| 0 eng d
024 _a33875
037 _cTextual
040 _aSDCL
_cSDCL
_beng
041 _2eng
_aeng
082 _aS:4, L5
100 _aNorman Donald A
_9466609
245 0 _aExplorations in cognition.
260 _aSan
_bFrancisco W.H. Freeman
_c1975
300 _axvi,430p.
_ccm.
700 _a Rumelhart David E
_9466610
942 _hS:4, L5
_cTEXL
_2CC
999 _c779445
_d779445